Statistics for NfL SB Matchups Since Super Bowl 50

Click here to take the quiz!

General Stats

  • This quiz has been taken 10 times
  • The average score is 6 of 7

Answer Stats

HintAnswer% Correct
56Rams Vs Bengals
100%
50Broncos Vs Panthers
90%
54Chiefs Vs 49ers
90%
52Patriots Vs Eagles
90%
55Buccaneers Vs Chiefs
80%
53Patriots Vs Rams
80%
51Patriots Vs Falcons
70%

Score Distribution

Percentile by Number Answered

Percent of People with Each Score

Your Score History

You have not taken this quiz